[Event "HUN-chT2"]
[Site "HUN"]
[Date "1993.??.??"]
[Round "?"]
[White "Majdanics, Antal"]
[Black "Szurovszky, Elek"]
[Result "1/2-1/2"]
[WhiteElo "2240"]
[BlackElo "2280"]
[PlyCount "139"]
[EventDate "1993.??.??"]
[Source "www.chesslib.no"]
[SourceDate "2004.05.04"]

1. e4 e5 2. Nf3 Nc6 3. Bc4 Nf6 4. Ng5 d5 5. exd5 Na5 6. d3 h6 7. Nf3 e4 8. Qe2 Nxc4 9. dxc4 Bg4 10. h3 Bh5 11. g4 Bg6 12. Ne5 Qe7 13. Nxg6 fxg6 14. Nc3 g5 15. Be3 Qe5 16. O-O-O Bb4 17. Bd4 Qf4+ 18. Qe3 Bxc3 19. Bxc3 O-O 20. Bd2 Nd7 21. Qxf4 gxf4 22. Rde1 Rae8 23. Re2 b5 24. Rhe1 e3 25. fxe3 f3 26. Rf2 bxc4 27. Ref1 Nb6 28. Rxf3 Rxf3 29. Rxf3 Nxd5 30. Kd1 Re6 31. Ke2 g6 32. Kf2 c3 33. Bxc3 Nxc3 34. bxc3 Ra6 35. Ke2 Rxa2 36. Kd2 Ra6 37. e4 Re6 38. Ke3 a5 39. Kd4 a4 40. c4 Ra6 41. Ra3 Ra5 42. c5 c6 43. Ke5 Rxc5+ 44. Kf6 Rc4 45. e5 h5 46. g5 Kh7 47. e6 Rf4+ 48. Ke5 Rf5+ 49. Kd6 Kg7 50. Rxa4 Rd5+ 51. Kxc6 Rd2 52. Rf4 Rxc2+ 53. Kd6 Ra2 54. Rf7+ Kg8 55. Ke5 h4 56. Kf6 Ra3 57. Kxg6 Re3 58. Rf6 Re5 59. Kh6 Re3 60. g6 Re1 61. g7 Rf1 62. Kg5 Rg1+ 63. Kxh4 Kxg7 64. Rf7+ Kg6 65. Ra7 Re1 66. e7 Re4+ 67. Kg3 Kf7 68. h4 Rxe7 69. Ra5 Kg6 70. Ra6+ 1/2-1/2

[Event "TT/1/96/2"]
[Site "corr"]
[Date "1996.??.??"]
[Round "?"]
[White "Doplmayr, F.(OST)."]
[Black "Gamant, Georges"]
[Result "1-0"]
[WhiteElo "2290"]
[BlackElo "2225"]
[PlyCount "75"]
[EventDate "1996.??.??"]
[Source "www.chesslib.no"]
[SourceDate "2004.05.04"]

1. e4 e5 2. Nf3 Nc6 3. Bc4 Nf6 4. Ng5 d5 5. exd5 Na5 6. d3 h6 7. Nf3 e4 8. Qe2 Nxc4 9. dxc4 Bc5 10. Nfd2 O-O 11. Nb3 Bg4 12. Qf1 Bb4+ 13. c3 Be7 14. Nd4 c6 15. dxc6 bxc6 16. h3 c5 17. Ne2 Bxe2 18. Qxe2 Qd3 19. Bf4 Qxe2+ 20. Kxe2 Nh5 21. Bh2 f5 22. Rd1 Kf7 23. Na3 g5 24. Nb5 Nf4+ 25. Bxf4 gxf4 26. Rd5 Kf6 27. Rd7 Rfd8 28. Rxa7 Rxa7 29. Nxa7 Rg8 30. Kf1 Rd8 31. Nc6 Rd2 32. Nxe7 Kxe7 33. b4 Rc2 34. b5 e3 35. fxe3 fxe3 36. a4 Rf2+ 37. Kg1 Rd2 38. a5 1-0

[Event "France (championnat N2)"]
[Site "?"]
[Date "2004.03.13"]
[Round "8.4"]
[White "Leygue Dominique"]
[Black "Tournier Mathieu"]
[Result "0-1"]
[WhiteElo "2280"]
[BlackElo "2231"]
[PlyCount "50"]
[EventDate "2004.??.??"]
[Source "www.chesslib.no"]
[SourceDate "2004.05.04"]

1. e4 e5 2. Nf3 Nc6 3. Bc4 Nf6 4. Ng5 d5 5. exd5 Na5 6. d3 h6 7. Nf3 e4 8. Qe2 Nxc4 9. dxe4 Nb6 10. c4 Bb4+ 11. Kf1 O-O 12. a3 Re8 13. e5 Bd6 14. b4 Bxe5 15. Nxe5 Nxc4 16. Qxc4 Rxe5 17. Nc3 Nxd5 18. Nxd5 Rxd5 19. Be3 Be6 20. Qc2 Bf5 21. Qc3 a5 22. Re1 axb4 23. axb4 Rd1 24. f3 Ra2 25. Bc1 Qd3+ 0-1

[Event "CAN-op"]
[Site "Winnipeg CAN"]
[Date "1994.??.??"]
[Round "4"]
[White "Johnstone, Glenn"]
[Black "Kapstan, Aron"]
[Result "1-0"]
[WhiteElo "2305"]
[BlackElo "2200"]
[PlyCount "95"]
[EventDate "1994.07.??"]
[Source "www.chesslib.no"]
[SourceDate "2004.05.04"]

1. e4 e5 2. Nf3 Nc6 3. Bc4 Nf6 4. Ng5 d5 5. exd5 Na5 6. d3 h6 7. Nf3 e4 8. Qe2 Nxc4 9. dxc4 Bc5 10. Nfd2 O-O 11. Nb3 Bg4 12. Qf1 Bb4+ 13. c3 Be7 14. Be3 b5 15. h3 Bh5 16. Nd4 bxc4 17. Nc6 Qd7 18. Qxc4 Bd6 19. Nd2 Rfe8 20. Qd4 a5 21. c4 Ra6 22. O-O Qf5 23. f3 exf3 24. Nxf3 Re4 25. Qd2 Rxc4 26. Nfe5 Qc2 27. Nxc4 Qxc4 28. Nxa5 Qe4 29. Nb7 Nxd5 30. Nxd6 Qxe3+ 31. Qxe3 Nxe3 32. Rfe1 Nxg2 33. Kxg2 Rxd6 34. b4 Rd2+ 35. Kg1 Bf3 36. a4 Rg2+ 37. Kf1 Rh2 38. Rac1 Ra2 39. a5 Rb2 40. a6 Rxb4 41. a7 Rb3 42. h4 Kh7 43. Kf2 Bd5 44. Re5 Rb2+ 45. Kg3 Rb3+ 46. Kh2 Rb2+ 47. Kg1 Bg2 48. Rxc7 1-0

[Event "RUS-chT1 (Women)"]
[Site "?"]
[Date "2002.??.??"]
[Round "7"]
[White "Chernikova Svetlana"]
[Black "Kulish Irina"]
[Result "0-1"]
[WhiteElo "2207"]
[BlackElo "2293"]
[PlyCount "122"]
[EventDate "2002.??.??"]
[Source "www.chesslib.no"]
[SourceDate "2004.05.04"]

1. e4 e5 2. Nf3 Nc6 3. Bc4 Nf6 4. Ng5 d5 5. exd5 Na5 6. d3 h6 7. Nf3 e4 8. Nd4 c6 9. O-O Be7 10. Nc3 O-O 11. Nb3 cxd5 12. Nxa5 Qxa5 13. Bb3 Bf5 14. dxe4 dxe4 15. Nd5 Nxd5 16. Qxd5 Qxd5 17. Bxd5 Rac8 18. c3 b6 19. Be3 Rfd8 20. Rad1 Rc7 21. f3 exf3 22. Bxf3 Rxd1 23. Rxd1 Be6 24. a3 Kf8 25. Rd2 g5 26. h3 Ke8 27. Bd4 Bc5 28. g4 Ke7 29. Kg2 Bxd4 30. cxd4 Bb3 31. Be4 Kd6 32. Kg3 Bd5 33. Bd3 Rc1 34. Bc2 Rg1+ 35. Kh2 Re1 36. Kg3 Rf1 37. Bd1 Rg1+ 38. Kh2 Rf1 39. Kg3 Rg1+ 40. Kh2 Re1 41. Kg3 Re3+ 42. Kh2 Be6 43. Bc2 h5 44. Bd1 h4 45. Be2 Bd5 46. Bf1 Be4 47. Rf2 Rf3 48. Rxf3 Bxf3 49. Bc4 f6 50. Kg1 Be4 51. Kf2 f5 52. Ke3 Bb1 53. Kf3 Bc2 54. Ke2 fxg4 55. hxg4 Be4 56. Kf2 Bd5 57. Be2 Be6 58. Bf3 Bd5 59. Be2 Kc6 60. Ke3 h3 61. Bf3 h2 0-1

[Event "PER-ch45"]
[Site "Peru"]
[Date "1997.??.??"]
[Round "11"]
[White "Pacheco Asmat, Jorge"]
[Black "Galvan, Jesus"]
[Result "1-0"]
[WhiteElo "2375"]
[BlackElo "2115"]
[PlyCount "63"]
[EventDate "1997.??.??"]
[Source "www.chesslib.no"]
[SourceDate "2004.05.04"]

1. e4 e5 2. Bc4 Nf6 3. Nf3 Nc6 4. Ng5 d5 5. exd5 Na5 6. d3 h6 7. Nf3 e4 8. Qe2 Nxc4 9. dxc4 Be7 10. Nd4 O-O 11. Be3 Bg4 12. Qd2 Re8 13. Nc3 c6 14. dxc6 Qc8 15. h3 Bh5 16. Nd5 bxc6 17. Nxe7+ Rxe7 18. g4 Bg6 19. O-O-O Qa6 20. Qc3 Qxa2 21. b3 Qa6 22. Nf5 Re6 23. h4 Qa3+ 24. Kb1 a5 25. Nxg7 Kxg7 26. g5 h5 27. gxf6+ Kh7 28. Rhg1 a4 29. Rxg6 Kxg6 30. Bc1 Qf8 31. Rg1+ Kh7 32. Rg5 1-0

[Event "Corr"]
[Site "?"]
[Date "2000.05.26"]
[Round "?"]
[White "Necula Iulian"]
[Black "Tolliver Mark"]
[Result "1/2-1/2"]
[WhiteElo "2307"]
[BlackElo "2157"]
[PlyCount "43"]
[EventDate "2000.??.??"]
[Source "www.chesslib.no"]
[SourceDate "2004.05.04"]

1. e4 e5 2. Nf3 Nc6 3. Bc4 Nf6 4. Ng5 d5 5. exd5 Na5 6. d3 h6 7. Nf3 e4 8. Qe2 Nxc4 9. dxc4 Bc5 10. h3 O-O 11. Nh2 e3 12. Bxe3 Bxe3 13. fxe3 Ne4 14. Rg1 c6 15. Nd2 Nxd2 16. Qxd2 Qh4+ 17. Qf2 Qxc4 18. dxc6 bxc6 19. Qe2 Qh4+ 20. Qf2 Qc4 21. Qe2 Qh4+ 22. Qf2 1/2-1/2

[Event "Memorial V.Postovalov (open)"]
[Site "Cheliabinsk (Russia)"]
[Date "2008.01.06"]
[Round "6"]
[White "Korostelev Stanislav (RUS)"]
[Black "Fesenko Vitaly (RUS)"]
[Result "0-1"]
[WhiteElo "2203"]
[BlackElo "2213"]
[PlyCount "42"]
[EventDate "2008.??.??"]
[Source "www.chesslib.no"]
[SourceDate "2004.05.04"]

1. e4 e5 2. Nf3 Nc6 3. Bc4 Nf6 4. Ng5 d5 5. exd5 Na5 6. d3 h6 7. Nf3 e4 8. dxe4 Nxc4 9. Qd4 Nb6 10. c4 c6 11. O-O cxd5 12. exd5 Be7 13. Nc3 O-O 14. Bf4 Bb4 15. Nb5 Ne8 16. a3 Be7 17. b4 Bf5 18. Kh1 a6 19. Nc7 Nxc7 20. Qxb6 Ne6 21. dxe6 Qxb6 0-1

[Event "Corr"]
[Site "?"]
[Date "1998.??.??"]
[Round "?"]
[White "Michalek Josef Zdenko"]
[Black "Nowak Ireneusz"]
[Result "0-1"]
[WhiteElo "2040"]
[BlackElo "2375"]
[PlyCount "36"]
[EventDate "1998.??.??"]
[Source "www.chesslib.no"]
[SourceDate "2004.05.04"]

1. e4 e5 2. Nf3 Nc6 3. Bc4 Nf6 4. Ng5 d5 5. exd5 Na5 6. d3 h6 7. Nf3 e4 8. Qe2 Nxc4 9. dxc4 Bc5 10. h3 O-O 11. Nfd2 e3 12. fxe3 Bxe3 13. Qf3 b5 14. cxb5 Nxd5 15. c4 Nb4 16. Kd1 Qd3 17. Na3 Bb7 18. Qxb7 Bxd2 0-1

[Event "ol (Men)"]
[Site "Skopje ol (Men)"]
[Date "1972.??.??"]
[Round "1"]
[White "De la Cruz, G."]
[Black "Nobrega, Adaucto da"]
[Result "0-1"]
[WhiteElo "2200"]
[BlackElo "2200"]
[PlyCount "100"]
[EventDate "1972.??.??"]
[Source "www.chesslib.no"]
[SourceDate "2004.05.04"]

1. e4 e5 2. Nf3 Nc6 3. Bc4 Nf6 4. Ng5 d5 5. exd5 Na5 6. d3 h6 7. Nf3 e4 8. Qe2 Nxc4 9. dxc4 Bg4 10. h3 Bh5 11. g4 Bg6 12. Nc3 Bc5 13. Nd2 O-O 14. Nb3 Bb4 15. Bd2 e3 16. Bxe3 Ne4 17. O-O Bxc3 18. bxc3 Nxc3 19. Qd2 Ne4 20. Qd4 Qh4 21. Nd2 Rae8 22. Kh2 f5 23. Nf3 Qe7 24. d6 cxd6 25. Qd5+ Bf7 26. Qd4 fxg4 27. Rg1 g3+ 28. fxg3 Rc8 29. Nh4 Rxc4 30. Nf5 Qe5 31. Qxe5 dxe5 32. Bxa7 Ra8 33. Bb6 Ra6 34. Bd8 Rxc2+ 35. Rg2 Raxa2 36. Rxa2 Rxa2 37. Rxa2 Bxa2 38. Bc7 Kf7 39. Bxe5 Ke6 40. Bxg7 Kxf5 41. Bxh6 b5 42. Bf8 Nf2 43. Kg2 Nd3 44. g4+ Kg6 45. Kf3 b4 46. h4 Kf7 47. Bd6 b3 48. Ba3 b2 49. Bxb2 Nxb2 50. Kf4 Kf6 0-1

[Event "ol (Men)"]
[Site "Skopje ol (Men)"]
[Date "1972.??.??"]
[Round "9"]
[White "De la Cruz, G."]
[Black "Sorri, Kari Juhani"]
[Result "0-1"]
[WhiteElo "2200"]
[BlackElo "2200"]
[PlyCount "102"]
[EventDate "1972.??.??"]
[Source "www.chesslib.no"]
[SourceDate "2004.05.04"]

1. e4 e5 2. Nf3 Nc6 3. Bc4 Nf6 4. Ng5 d5 5. exd5 Na5 6. d3 h6 7. Nf3 Bd6 8. Be3 e4 9. Nd4 O-O 10. Nc3 Ng4 11. Qd2 f5 12. g3 Ne5 13. Bb3 Nxb3 14. axb3 exd3 15. cxd3 c5 16. dxc6 bxc6 17. O-O-O c5 18. Ndb5 Bb7 19. f4 Nf3 20. Qf2 Nd4 21. Rhe1 Nxb5 22. Nxb5 Bd5 23. Nxd6 Qxd6 24. Bxc5 Rfc8 25. b4 Bb3 26. Re8+ Kh7 27. Rxc8 Rxc8 28. Kd2 Qf6 29. Qd4 Qxd4 30. Bxd4 Bxd1 31. Kxd1 a6 32. Kd2 Kg8 33. Bc5 Kf7 34. Kc3 Ke6 35. Kc4 Kd7 36. d4 Re8 37. b5 axb5+ 38. Kxb5 Re2 39. b4 Rxh2 40. Bf8 Rg2 41. Bxg7 h5 42. Kc5 Rxg3 43. Bf6 Rg4 44. Kd5 Kc8 45. Bh4 Rxh4 46. Ke5 Rh1 47. Kxf5 Rb1 48. Kg6 Rxb4 49. f5 Rxd4 50. Kf7 Rf4 51. f6 Rf1 0-1

[Event "12sen.WM-H Naumburg"]
[Site "?"]
[Date "2002.10.22"]
[Round "2"]
[White "Dille Janis"]
[Black "Baumgartner Heinz[32AUT"]
[Result "1-0"]
[WhiteElo "2032"]
[BlackElo "2339"]
[PlyCount "109"]
[EventDate "2002.??.??"]
[Source "www.chesslib.no"]
[SourceDate "2004.05.04"]

1. e4 e5 2. Nf3 Nc6 3. Bc4 Nf6 4. Ng5 d5 5. exd5 Na5 6. d3 h6 7. Nf3 e4 8. Qe2 Nxc4 9. dxc4 Bc5 10. c3 Bg4 11. h3 Bh5 12. g4 Bg6 13. Nh4 Bh7 14. Ng2 Qe7 15. Be3 Nd7 16. Nd2 O-O 17. Nb3 Bxe3 18. Nxe3 Ne5 19. O-O-O Qh4 20. Rdf1 f5 21. Nd4 g6 22. Ne6 Rf7 23. gxf5 gxf5 24. Ng2 Qf6 25. Ngf4 Nf3 26. Qe3 Kh8 27. Rd1 b6 28. c5 Re8 29. c6 Rfe7 30. c4 Bg6 31. h4 Bf7 32. Kc2 Bxe6 33. dxe6 Rxe6 34. Nxe6 Rxe6 35. Rd5 Rxc6 36. Qc3 Qxc3+ 37. Kxc3 Rf6 38. b4 a6 39. a4 Kg7 40. h5 Rf7 41. a5 f4 42. axb6 cxb6 43. Ra1 Ng5 44. c5 bxc5 45. bxc5 e3 46. fxe3 f3 47. c6 Rf8 48. Kd3 Rc8 49. Rxa6 Kf7 50. e4 Ne6 51. Ke3 Ng5 52. Rd7+ Ke6 53. Rg7 Nf7 54. Rg6+ Ke7 55. Ra7+ 1-0

[Event "Buenos Aires tt2"]
[Site "Buenos Aires"]
[Date "2000.??.??"]
[Round "4"]
[White "Chiappe, Jorge"]
[Black "Schatzle, Mario"]
[Result "1-0"]
[WhiteElo "2145"]
[BlackElo "2220"]
[PlyCount "118"]
[EventDate "2000.??.??"]
[Source "www.chesslib.no"]
[SourceDate "2004.05.04"]

1. e4 e5 2. Nf3 Nc6 3. Bc4 Nf6 4. Ng5 d5 5. exd5 Na5 6. d3 h6 7. Nf3 e4 8. Qe2 Nxc4 9. dxc4 Bc5 10. Bf4 O-O 11. Nfd2 Bg4 12. Qf1 b5 13. h3 Bh5 14. Nb3 Bb4+ 15. c3 bxc4 16. Qxc4 Nxd5 17. Bg3 Nb6 18. Qd4 Bd6 19. Bxd6 cxd6 20. N1d2 f5 21. O-O Qe7 22. Rae1 Rae8 23. a4 Bf7 24. Nc1 Qg5 25. Re3 Nd5 26. Rg3 Qf6 27. Qxf6 Nxf6 28. c4 f4 29. Rc3 d5 30. cxd5 Nxd5 31. Rc5 Nf6 32. Re1 Bg6 33. Rc7 Rf7 34. Rxf7 Kxf7 35. Nc4 Rd8 36. Ne5+ Ke6 37. Nxg6 Kf5 38. Ne7+ Ke6 39. Nc6 Rc8 40. Nxa7 Ra8 41. Nb5 Rxa4 42. Nc3 Rc4 43. Rd1 g5 44. Kf1 Rb4 45. b3 Nd7 46. Rd2 Ne5 47. Rd8 h5 48. Rh8 h4 49. Rg8 Kf5 50. Rf8+ Ke6 51. Rf6+ Kd7 52. Rf5 Ke6 53. Rxg5 Rd4 54. Rh5 Ng6 55. Rh6 Kf5 56. Rh5+ Ke6 57. Ra5 Ne5 58. Ra4 Rd3 59. Nxd3 exd3 1-0

[Event "US op 98th"]
[Site "?"]
[Date "1997.08.15"]
[Round "10"]
[White "Berry Jim"]
[Black "Evans Larry D"]
[Result "0-1"]
[WhiteElo "2309"]
[BlackElo "2040"]
[PlyCount "64"]
[EventDate "1997.??.??"]
[Source "www.chesslib.no"]
[SourceDate "2004.05.04"]

1. e4 e5 2. Nf3 Nc6 3. Bc4 Nf6 4. Ng5 d5 5. exd5 Na5 6. d3 h6 7. Nf3 e4 8. Qe2 Nxc4 9. dxc4 Bc5 10. h3 O-O 11. Ne5 Re8 12. Ng4 Bxg4 13. hxg4 e3 14. Bxe3 Ne4 15. Rh3 Ng5 16. Rg3 Bd6 17. Rf3 Nxf3+ 18. gxf3 Be5 19. c3 b5 20. Nd2 b4 21. cxb4 Bxb2 22. Rb1 Bc3 23. Kf1 Qd6 24. Qd3 Bxd2 25. Qxd2 Qh2 26. Ke2 h5 27. gxh5 f5 28. d6 cxd6 29. Qd5+ Kh8 30. f4 Rxe3+ 31. Kxe3 Re8+ 32. Kd3 Qxf2 0-1

[Event "ARG Cup2"]
[Site "?"]
[Date "2001.??.??"]
[Round "?"]
[White "Torres Alejo"]
[Black "Jimenez Joaquin Rodrigo"]
[Result "1/2-1/2"]
[WhiteElo "2210"]
[BlackElo "2135"]
[PlyCount "46"]
[EventDate "2001.??.??"]
[Source "www.chesslib.no"]
[SourceDate "2004.05.04"]

1. e4 e5 2. Nf3 Nc6 3. Bc4 Nf6 4. Ng5 d5 5. exd5 Na5 6. d3 h6 7. Nf3 e4 8. Qe2 Nxc4 9. dxc4 Bc5 10. c3 O-O 11. Nd4 Bg4 12. Qc2 Bxd4 13. cxd4 b5 14. h3 Bf5 15. b3 bxc4 16. bxc4 c6 17. Ba3 Re8 18. d6 Bg6 19. O-O e3 20. Qe2 Ne4 21. Qxe3 Nxd6 22. Qc3 Ne4 23. Qe3 Nd6 1/2-1/2

[Event "Infotozsde Cup Red Gr 8th"]
[Site "?"]
[Date "2001.02.22"]
[Round "2.1"]
[White "Csikos Mihaly"]
[Black "Bernath Robert"]
[Result "1/2-1/2"]
[WhiteElo "2152"]
[BlackElo "2188"]
[PlyCount "23"]
[EventDate "2001.??.??"]
[Source "www.chesslib.no"]
[SourceDate "2004.05.04"]

1. e4 e5 2. Nf3 Nc6 3. Bc4 Nf6 4. Ng5 d5 5. exd5 Na5 6. d3 Bc5 7. Qe2 Nxc4 8. dxc4 Qe7 9. O-O O-O 10. c3 a5 11. Re1 Re8 12. Be3 1/2-1/2

[Event "Sarospatak op"]
[Site "?"]
[Date "1996.??.??"]
[Round "?"]
[White "Csikos Mihaly"]
[Black "Isepy Jozsef"]
[Result "0-1"]
[WhiteElo "2125"]
[BlackElo "2195"]
[PlyCount "50"]
[EventDate "1996.??.??"]
[Source "www.chesslib.no"]
[SourceDate "2004.05.04"]

1. e4 e5 2. Nf3 Nc6 3. Bc4 Nf6 4. Ng5 d5 5. exd5 Na5 6. d3 h6 7. Nf3 Bg4 8. Qe2 Bd6 9. Nbd2 O-O 10. Ne4 Nxc4 11. dxc4 Nxe4 12. Qxe4 f5 13. Qe3 f4 14. Qc3 e4 15. Nd4 Be5 16. b4 Qf6 17. Bb2 a5 18. c5 axb4 19. Qxb4 e3 20. O-O e2 21. Rfe1 f3 22. c3 Bxh2+ 23. Kxh2 Qh4+ 24. Kg1 fxg2 25. Kxg2 Rxf2+ 0-1

[Event "Open"]
[Site "Marianske Lazne CZE"]
[Date "2008.01.20"]
[Round "2"]
[White "Filinkov, A."]
[Black "Kuebler, M."]
[Result "1-0"]
[WhiteElo "2246"]
[BlackElo "2050"]
[PlyCount "65"]
[EventDate "2008.01.19"]
[Source "www.chesslib.no"]
[SourceDate "2004.05.04"]

1. e4 e5 2. Bc4 Nc6 3. Nf3 Nf6 4. Ng5 d5 5. exd5 Na5 6. d3 c6 7. Qe2 Bd6 8. dxc6 O-O 9. Nc3 Nxc4 10. dxc4 bxc6 11. Nge4 Nxe4 12. Nxe4 Be7 13. Bd2 f5 14. Nc3 Bd6 15. O-O-O Qe7 16. b3 Bd7 17. Rhe1 Rae8 18. Na4 Kh8 19. Bc3 Bc8 20. Rxd6 Qxd6 21. Bxe5 Qd8 22. f4 Kg8 23. Qf3 Qh4 24. g3 Qh6 25. Nc5 Rd8 26. h4 Rfe8 27. Qc3 Qh5 28. Kb2 Qf7 29. Qa5 h6 30. Nd3 Qg6 31. Qxa7 Qxg3 32. Rg1 Rxd3 33. cxd3 1-0

[Event "7th Amplico AIG Life"]
[Site "Warsaw POL"]
[Date "2007.12.15"]
[Round "1"]
[White "Klabis, R."]
[Black "Malaniuk, V."]
[Result "0-1"]
[WhiteElo "1795"]
[BlackElo "2496"]
[PlyCount "52"]
[EventDate "2007.12.15"]
[Source "www.chesslib.no"]
[SourceDate "2004.05.04"]

1. e4 e5 2. Nf3 Nc6 3. Bc4 Nf6 4. Ng5 d5 5. exd5 Na5 6. d3 h6 7. Nf3 Bd6 8. h3 O-O 9. Nc3 e4 10. Nd2 exd3 11. Bxd3 Re8+ 12. Be2 Bb4 13. O-O Bxc3 14. bxc3 Nxd5 15. Bb2 Nf4 16. Bf3 Bf5 17. Nb3 Nc4 18. Qc1 Qg5 19. Kh2 Nxb2 20. Qxb2 Nxh3 21. Bxb7 Rab8 22. Bf3 Qf4+ 23. Kh1 Ng5 24. Qc1 Qh4+ 25. Kg1 Nxf3+ 26. gxf3 Rb6 0-1

[Event "Montréal"]
[Site "?"]
[Date "2004.01.24"]
[Round "3"]
[White "Prahov Valentin"]
[Black "Anastasovski Nikola"]
[Result "1-0"]
[WhiteElo "2222"]
[BlackElo "2060"]
[PlyCount "91"]
[EventDate "2004.??.??"]
[Source "www.chesslib.no"]
[SourceDate "2004.05.04"]

1. e4 e5 2. Nf3 Nc6 3. Bc4 Nf6 4. Ng5 d5 5. exd5 Na5 6. d3 h6 7. Nf3 Bg4 8. h3 Bxf3 9. Qxf3 e4 10. Qe2 Nxc4 11. dxc4 Bc5 12. O-O O-O 13. Be3 Bd6 14. Nd2 Qe7 15. Bd4 Rae8 16. Rae1 Bf4 17. c3 Bxd2 18. Qxd2 Nh5 19. Qe2 Nf4 20. Qg4 Qg5 21. Bc5 Nd3 22. Bxf8 Nxe1 23. Bxg7 Nf3+ 24. gxf3 Kxg7 25. Re1 f5 26. Qxg5+ hxg5 27. fxe4 fxe4 28. Re3 Kf6 29. f3 Kf5 30. Kf2 b6 31. Kg3 Rh8 32. Rxe4 Rh7 33. b4 Rd7 34. Rd4 Ke5 35. Kg4 Rh7 36. c5 Rh4+ 37. Kxg5 Rxd4 38. cxd4+ Kxd5 39. h4 Kxd4 40. h5 bxc5 41. bxc5 Kxc5 42. h6 Kb4 43. h7 Ka3 44. h8=Q Kxa2 45. Qc3 c6 46. Qxc6 1-0

[Event "La Lira op"]
[Site "?"]
[Date "1996.??.??"]
[Round "2"]
[White "Vargas Drechsler Carlos"]
[Black "Horspool Philip"]
[Result "0-1"]
[WhiteElo "2040"]
[BlackElo "2240"]
[PlyCount "62"]
[EventDate "1996.??.??"]
[Source "www.chesslib.no"]
[SourceDate "2004.05.04"]

1. e4 e5 2. Nf3 Nc6 3. Bc4 Nf6 4. Ng5 d5 5. exd5 Na5 6. d3 h6 7. Nf3 e4 8. dxe4 Nxc4 9. Qd4 Nb6 10. c4 Bb4+ 11. Nbd2 Qe7 12. e5 Bc5 13. Qd3 Ng4 14. O-O Nxe5 15. Nxe5 Qxe5 16. Nf3 Qf5 17. Re1+ Kf8 18. Qc3 Qf6 19. Qa5 Be7 20. Ne5 Qd6 21. Bd2 Bf5 22. Rac1 Nd7 23. Bf4 Qc5 24. Qd2 Nf6 25. Bg3 g5 26. a3 a5 27. Nd3 Qd4 28. Re3 Bd6 29. Bxd6+ cxd6 30. Qe2 Kg7 31. c5 Nxd5 0-1

[Event "CZE-chT1a"]
[Site "Czech Republic"]
[Date "1995.??.??"]
[Round "?"]
[White "Hollmann, Zdenek"]
[Black "Mojzis, Jaroslav"]
[Result "0-1"]
[WhiteElo "2020"]
[BlackElo "2220"]
[PlyCount "42"]
[EventDate "1995.??.??"]
[Source "www.chesslib.no"]
[SourceDate "2004.05.04"]

1. e4 e5 2. Nf3 Nc6 3. Bc4 Nf6 4. Ng5 d5 5. exd5 Na5 6. d3 h6 7. Nf3 Bd6 8. Nc3 O-O 9. Be3 Qe7 10. Qd2 a6 11. a3 Nxc4 12. dxc4 Re8 13. h3 Nd7 14. g4 e4 15. Nd4 Ne5 16. Qe2 Bc5 17. Rd1 Bxd4 18. Bxd4 Nf3+ 19. Kf1 Qh4 20. Kg2 h5 21. gxh5 Qg5+ 0-1

[Event "LLS BY00/01"]
[Site "Baviera"]
[Date "2001.??.??"]
[Round "4"]
[White "Buchert, Wolfgang"]
[Black "Taggatz, Mario"]
[Result "0-1"]
[WhiteElo "2130"]
[BlackElo "2100"]
[PlyCount "73"]
[EventDate "2001.01.28"]
[Source "www.chesslib.no"]
[SourceDate "2004.05.04"]

1. e4 e5 2. Nf3 Nc6 3. Bc4 Nf6 4. Ng5 d5 5. exd5 Na5 6. d3 h6 7. Nf3 e4 8. Qe2 Nxc4 9. dxc4 Bd6 10. Nc3 O-O 11. Nd4 Re8 12. h3 Be5 13. Be3 c6 14. Rd1 cxd5 15. cxd5 a6 16. Qc4 Bd7 17. O-O Nh5 18. f3 Rc8 19. Qb3 Ng3 20. Rf2 Bxd4 21. Rxd4 Nf5 22. Nxe4 Nxe3 23. Qxe3 f5 24. c4 fxe4 25. fxe4 Qe7 26. Qf4 Rf8 27. Qg3 Rxf2 28. Kxf2 Rf8+ 29. Ke3 Qb4 30. b3 Qc3+ 31. Rd3 Qc1+ 32. Rd2 Qc3+ 33. Rd3 Qc1+ 34. Rd2 Rf1 35. Qc7 Re1+ 36. Kd3 Qb1+ 37. Kc3 0-1

[Event "Cannes Martinez op"]
[Site "Cannes"]
[Date "1996.??.??"]
[Round "8"]
[White "Mauvary, Etienne"]
[Black "Poesson, Thierry"]
[Result "1-0"]
[WhiteElo "2190"]
[BlackElo "2030"]
[PlyCount "57"]
[EventDate "1996.08.??"]
[Source "www.chesslib.no"]
[SourceDate "2004.05.04"]

1. e4 e5 2. Bc4 Nf6 3. Nf3 Nc6 4. Ng5 d5 5. exd5 Na5 6. d3 Nxc4 7. dxc4 Bf5 8. Qe2 Bd6 9. O-O O-O 10. Nc3 Re8 11. Nge4 Nxe4 12. Nxe4 b6 13. Bd2 a5 14. a3 Qe7 15. Rfb1 a4 16. b4 axb3 17. cxb3 Bxa3 18. b4 Bxb4 19. Rxa8 Rxa8 20. Bxb4 Qxb4 21. Rxb4 Ra1+ 22. Qf1 Rxf1+ 23. Kxf1 Bxe4 24. Ra4 g6 25. Ke2 Bxg2 26. Ra7 b5 27. Rxc7 bxc4 28. d6 Bh3 29. d7 1-0

[Event "St Petersburg RUS"]
[Site "?"]
[Date "2005.10.31"]
[Round "3"]
[White "Senkevich Konstantin"]
[Black "Frolochkin Vladimir"]
[Result "0-1"]
[WhiteElo "2002"]
[BlackElo "2190"]
[PlyCount "74"]
[EventDate "2005.??.??"]
[Source "www.chesslib.no"]
[SourceDate "2004.05.04"]

1. e4 e5 2. Nf3 Nc6 3. Bc4 Nf6 4. Ng5 d5 5. exd5 Na5 6. d3 h6 7. Nf3 e4 8. Qe2 Nxc4 9. dxe4 Nb6 10. O-O Bc5 11. c4 O-O 12. Nc3 Re8 13. Qd3 Bg4 14. Nd4 c6 15. Nb3 Bb4 16. f3 Bh5 17. Be3 Bg6 18. Rfd1 Bxc3 19. Qxc3 cxd5 20. cxd5 Rc8 21. Qd4 Nxe4 22. Bf4 Rc4 23. Qe3 Nc3 24. Qxc3 Rxc3 25. bxc3 Nxd5 26. c4 Qb6+ 27. c5 Qf6 28. Bg3 Nc3 29. Rd6 Qg5 30. Bf2 Ne2+ 31. Kh1 Nf4 32. Bg3 h5 33. Rd4 Ne2 34. Bh4 Qe3 35. Rd7 Bf5 36. Rxb7 g5 37. Be1 Qg1# 0-1

[Event "Pescara (open)"]
[Site "?"]
[Date "2004.11.14"]
[Round "6"]
[White "Grasso Nino"]
[Black "Cerquitella Luca"]
[Result "0-1"]
[WhiteElo "2003"]
[BlackElo "2180"]
[PlyCount "92"]
[EventDate "2004.??.??"]
[Source "www.chesslib.no"]
[SourceDate "2004.05.04"]

1. e4 e5 2. Nf3 Nc6 3. Bc4 Nf6 4. Ng5 d5 5. exd5 Na5 6. d3 h6 7. Nf3 Nxc4 8. dxc4 Bd6 9. h3 O-O 10. Nc3 Bd7 11. Be3 Qe7 12. Qd2 Bb4 13. O-O Ne4 14. Qd3 Nxc3 15. bxc3 e4 16. Qd2 exf3 17. cxb4 fxg2 18. Kxg2 Qe4+ 19. f3 Qxc4 20. Kh2 Qh4 21. Qg2 Rfe8 22. Rg1 g6 23. Bf2 Qh5 24. c4 Re2 25. Kg3 Rae8 26. Rge1 R8e5 27. f4 R5e3+ 28. Bxe3 Rxg2+ 29. Kxg2 Qxh3+ 30. Kf2 Qh2+ 31. Kf3 h5 32. Bd4 Bg4+ 33. Ke3 Qg2 34. Be5 Qf3+ 35. Kd2 b5 36. Rac1 Qf2+ 37. Kc3 Qxa2 38. Bxc7 Qxc4+ 39. Kb2 Qxb4+ 40. Ka2 Qd2+ 41. Ka1 Qd4+ 42. Ka2 Qxd5+ 43. Ka1 Qd4+ 44. Ka2 Qa4+ 45. Kb2 Qb4+ 46. Ka1 Qa3+ 0-1

[Event "Berlin GER"]
[Site "?"]
[Date "2003.04.25"]
[Round "8"]
[White "Barsch Christoph"]
[Black "Brener Ilja"]
[Result "1-0"]
[WhiteElo "2094"]
[BlackElo "2082"]
[PlyCount "67"]
[EventDate "2003.??.??"]
[Source "www.chesslib.no"]
[SourceDate "2004.05.04"]

1. e4 e5 2. Nf3 Nc6 3. Bc4 Nf6 4. Ng5 d5 5. exd5 Na5 6. d3 Bd6 7. Nc3 O-O 8. O-O h6 9. Nge4 Nxe4 10. Nxe4 f5 11. Nxd6 cxd6 12. f4 Nxc4 13. dxc4 e4 14. Be3 Qc7 15. Qd4 Bd7 16. Rf2 Rfc8 17. b3 b6 18. Re1 Rab8 19. Bc1 Be8 20. Bb2 Bg6 21. Re3 Rf8 22. Rg3 Kh7 23. Re2 Rg8 24. Ree3 Qc5 25. Qc3 b5 26. cxb5 Qxd5 27. Rxg6 Kxg6 28. Rg3+ Kf7 29. Qc7+ Ke8 30. Qxb8+ Kd7 31. Qxa7+ Kc8 32. Rc3+ Kd8 33. Qc7+ Ke8 34. Qc6+ 1-0